All songs in WICKED part 1 and part 2 - Statistics

General Stats
  • This quiz has been taken 118 times
  • The average score is 16 of 20
Answer Stats
Answer % Correct
Dancing Through Life
95%
Popular
94%
Defying Gravity
93%
No One Mourns the Wicked
93%
The Wizard and I
92%
Finale: For Good (reprise)
91%
For Good
91%
What is This Feeling?
90%
I’m Not That Girl
86%
I’m Not That Girl (reprise)
86%
Dear Old Shiz
84%
One Short Day
84%
Something Bad
82%
A Sentimental Man
78%
No Good Deed
78%
As Long As You’re Mine
72%
Thank Goodness
72%
Wonderful
66%
March of the Witch Hunters
61%
The Wicked Witch of the East
52%
No matching quizzes found
Score Distribution
Percent of People with Each Score
Percentile by Number Answered
Your Score History
You have not taken this quiz